<?xml version="1.0" encoding="UTF-8"?>
<record
    xmlns:xsi="http://www.w3.org/2001/XMLSchema-instance"
    xsi:schemaLocation="http://www.loc.gov/MARC21/slim http://www.loc.gov/standards/marcxml/schema/MARC21slim.xsd"
    xmlns="http://www.loc.gov/MARC21/slim">

  <leader>01317nam a2200169 a 4500</leader>
  <datafield tag="090" ind1=" " ind2=" ">
    <subfield code="a">IAVH</subfield>
    <subfield code="b">01299 CD-4</subfield>
  </datafield>
  <datafield tag="041" ind1=" " ind2=" ">
    <subfield code="a">spa</subfield>
  </datafield>
  <datafield tag="245" ind1=" " ind2=" ">
    <subfield code="a">PML - Producci&#xF3;n m&#xE1;s limpia</subfield>
  </datafield>
  <datafield tag="249" ind1=" " ind2=" ">
    <subfield code="a">Informe de actividades de apoyo en los eventos de socializaci&#xF3;n y retroalimentaci&#xF3;n del PAB C&#xF3;rdoba</subfield>
  </datafield>
  <datafield tag="260" ind1=" " ind2=" ">
    <subfield code="a">Monter&#xED;a</subfield>
    <subfield code="b">IAVH</subfield>
    <subfield code="b">CVS</subfield>
    <subfield code="c">2008</subfield>
  </datafield>
  <datafield tag="300" ind1=" " ind2=" ">
    <subfield code="a">1 CD</subfield>
  </datafield>
  <datafield tag="505" ind1=" " ind2=" ">
    <subfield code="a">Apicultura como proceso alternativo de producci&#xF3;n en C&#xF3;rdoba -- Diagn&#xF3;stico empresas sector agroindustrial de C&#xF3;rdoba -- Diagn&#xF3;stico envases agroqu&#xED;micos Alto Sin&#xFA;, Sabanas y costaneras -- Di&#xE1;gnostico regional PML -- Gesti&#xF3;n ambiental y social exportaciones empresas C&#xF3;rdoba UE -- Paquetes tecnol&#xF3;gicos algod&#xF3;n ma&#xED;z Corpoica -- PML aplicada industria al dpto de C&#xF3;rdoba 2008 -- PML Aplicada industria dpto de C&#xF3;rdoba 2007 -- PML sector productivo del dpto de C&#xF3;rdoba -- Rizipiscicultura como proceso alternativo limpio arroz -- Tradiciones etnoveterinarias comunidades del Sin&#xFA; ganado -- Tratamiento de residuos bovinos feria ganadera de Monter&#xED;a -- Uso de abonos y fertilizantes org&#xE1;nicos fincas ganaderas de C&#xF3;rdoba</subfield>
  </datafield>
  <datafield tag="650" ind1=" " ind2=" ">
    <subfield code="a">Producci&#xF3;n limpia</subfield>
    <subfield code="9">92713</subfield>
  </datafield>
  <datafield tag="650" ind1=" " ind2=" ">
    <subfield code="a">Gesti&#xF3;n ambiental</subfield>
    <subfield code="9">92206</subfield>
  </datafield>
  <datafield tag="662" ind1=" " ind2=" ">
    <subfield code="b">C&#xF3;rdoba</subfield>
  </datafield>
  <datafield tag="773" ind1=" " ind2=" ">
    <subfield code="t">Informe de actividades de apoyo en los eventos de socializaci&#xF3;n y retroalimentaci&#xF3;n del PAB C&#xF3;rdoba</subfield>
  </datafield>
  <datafield tag="999" ind1=" " ind2=" ">
    <subfield code="c">7215</subfield>
    <subfield code="d">7215</subfield>
  </datafield>
</record>
